[Event "Scarborough CC-ch"]
[Site "Toronto CAN"]
[Date "2025.05.28"]
[Round "7.14"]
[White "Vo, Timothy"]
[Black "Chen, Timmy"]
[Result "1/2-1/2"]
[WhiteElo "1634"]
[BlackElo "1755"]
[WhiteFideId "-1"]
[WhiteFideId "-1"]
[PlyCount "53"]
[GameId "2224289112814220"]
[EventDate "2025.04.17"]
[EventType "swiss"]
[EventRounds "10"]
[EventCountry "CAN"]

1. d4 d5 2. c4 c6 3. Nf3 Nf6 4. g3 g6 5. Bg2 Bg7 6. O-O O-O 7. Nbd2 Nbd7 8. Qc2 Re8 9. e4 dxe4 10. Nxe4 Nb6 11. Nxf6+ Bxf6 12. Be3 Bf5 13. Qb3 Qc7 14. Rac1 Nd7 15. Rfd1 e5 16. dxe5 Nxe5 17. Nxe5 Bxe5 18. Bd4 Rad8 19. Bxa7 b5 20. Be3 Be6 21. Qb4 Rxd1+ 22. Rxd1 Bxc4 23. b3 Be6 24. a4 bxa4 25. bxa4 Rb8 26. Qc5 Bb3 27. Rb1 1/2-1/2

[Event "Scarborough CC-ch"]
[Site "Toronto CAN"]
[Date "2025.05.29"]
[Round "7.15"]
[White "Ugodnikov, Arkadiy"]
[Black "Gaffney, Kevin"]
[Result "0-1"]
[WhiteElo "1753"]
[BlackElo "1625"]
[WhiteFideId "-1"]
[WhiteFideId "-1"]
[PlyCount "50"]
[GameId "2224290071794324"]
[EventDate "2025.04.17"]
[EventType "swiss"]
[EventRounds "10"]
[EventCountry "CAN"]

1. e4 e6 2. d4 d5 3. Nd2 dxe4 4. Nxe4 Bd7 5. Nf3 Bc6 6. Bd3 Nd7 7. c3 Ngf6 8. Qe2 Nxe4 9. Bxe4 Bxe4 10. Qxe4 c6 11. O-O Nf6 12. Qe2 Bd6 13. Bg5 h6 14. Bd2 Qc7 15. h3 O-O-O 16. b4 g5 17. Rfd1 g4 18. Ne5 gxh3 19. g3 h5 20. b5 Rdg8 21. bxc6 Bxe5 22. dxe5 Qxc6 23. Qf1 h4 24. Be1 hxg3 25. fxg3 h2+ 0-1

[Event "Scarborough CC-ch"]
[Site "Toronto CAN"]
[Date "2025.05.25"]
[Round "7.16"]
[White "Chamberland, Luc"]
[Black "Lim, Carl"]
[Result "1-0"]
[WhiteElo "1676"]
[BlackElo "1611"]
[WhiteFideId "-1"]
[WhiteFideId "-1"]
[PlyCount "45"]
[GameId "2224294226633375"]
[EventDate "2025.04.17"]
[EventType "swiss"]
[EventRounds "10"]
[EventCountry "CAN"]

1. e4 d6 2. d4 Nf6 3. Nc3 Nbd7 4. Be3 e5 5. Nge2 Be7 6. f3 c6 7. Qd2 Qc7 8. g4 exd4 9. Nxd4 Ne5 10. Be2 Be6 11. g5 Nfd7 12. f4 Bxa2 13. Rxa2 Ng6 14. Nf5 O-O 15. h4 Rfe8 16. h5 Ngf8 17. Bd4 Ne6 18. g6 fxg6 19. hxg6 hxg6 20. Nxg7 Nxg7 21. Bc4+ d5 22. Nxd5 Qd6 23. Nf6+ 1-0

[Event "Scarborough CC-ch"]
[Site "Toronto CAN"]
[Date "2025.05.29"]
[Round "7.17"]
[White "Anish, Diganth"]
[Black "Mesiti, Silvano"]
[Result "1-0"]
[WhiteElo "1663"]
[BlackElo "1563"]
[WhiteFideId "-1"]
[WhiteFideId "-1"]
[PlyCount "73"]
[GameId "2224295250645671"]
[EventDate "2025.04.17"]
[EventType "swiss"]
[EventRounds "10"]
[EventCountry "CAN"]

1. e4 e5 2. Nf3 d6 3. Nc3 Nf6 4. Bc4 Be7 5. d3 O-O 6. h3 Nc6 7. O-O Na5 8. Bb3 Nxb3 9. axb3 a6 10. Be3 Be6 11. Re1 Qc8 12. d4 exd4 13. Bxd4 Nd7 14. Qd2 Bf6 15. Kh2 Ne5 16. Nxe5 dxe5 17. Be3 Rd8 18. Qe2 Rd7 19. Rad1 Qe8 20. Na4 b6 21. Rxd7 Bxd7 22. Nc3 Be6 23. Rd1 b5 24. Nd5 Bxd5 25. exd5 Rd8 26. c4 h6 27. c5 Be7 28. Qf3 f6 29. Qg4 Kh8 30. Qe6 Ra8 31. d6 cxd6 32. cxd6 Bf8 33. Qxe8 Rxe8 34. d7 Rd8 35. Bb6 Be7 36. Bxd8 Bxd8 37. Rc1 1-0

[Event "Scarborough CC-ch"]
[Site "Toronto CAN"]
[Date "2025.05.29"]
[Round "7.18"]
[White "Wang, Alan"]
[Black "Zhao, Shannon"]
[Result "0-1"]
[WhiteElo "1622"]
[BlackElo "1649"]
[WhiteFideId "-1"]
[WhiteFideId "-1"]
[PlyCount "68"]
[GameId "2224298020922031"]
[EventDate "2025.04.17"]
[EventType "swiss"]
[EventRounds "10"]
[EventCountry "CAN"]

1. d4 d5 2. c4 e6 3. Nf3 Nf6 4. g3 g6 5. Bg2 Bg7 6. Qc2 O-O 7. O-O Nc6 8. Ne5 Nxd4 9. Qd3 Nc6 10. Nxc6 bxc6 11. Rd1 Ba6 12. Na3 Qe7 13. Bg5 h6 14. Bxf6 Qxf6 15. b4 dxc4 16. Nxc4 Qe7 17. Rab1 Rab8 18. Rf1 Rfd8 19. Qb3 c5 20. Na5 Bb5 21. Rfc1 cxb4 22. Qxb4 Qxb4 23. Rxb4 Bxe2 24. Nc6 Rxb4 25. Nxb4 Rd2 26. h3 a5 27. Nc6 Rxa2 28. Ne7+ Kh7 29. Rxc7 a4 30. Ra7 a3 31. Nc6 Ra1+ 32. Kh2 a2 33. g4 Bc4 34. Nb4 Be5+ 0-1

[Event "Scarborough CC-ch"]
[Site "Toronto CAN"]
[Date "2025.05.29"]
[Round "7.20"]
[White "Chen, Brady"]
[Black "Satish Alwar, Dharsan"]
[Result "0-1"]
[WhiteElo "1612"]
[BlackElo "1724"]
[WhiteFideId "-1"]
[WhiteFideId "-1"]
[PlyCount "72"]
[GameId "2224492661224127"]
[EventDate "2025.04.17"]
[EventType "swiss"]
[EventRounds "10"]
[EventCountry "CAN"]

1. e4 e6 2. d4 d5 3. Nc3 dxe4 4. Nxe4 Nd7 5. Nf3 Ngf6 6. Bg5 Be7 7. Ned2 h6 8. Bh4 O-O 9. Bd3 b6 10. Qe2 Bb7 11. O-O-O c5 12. Nc4 b5 13. Ncd2 c4 14. Be4 Nxe4 15. Bxe7 Nc3 16. bxc3 Qxe7 17. Nb1 Nb6 18. Kd2 Nd5 19. Ne5 Qg5+ 20. Ke1 Nf4 21. Qg4 Nxg2+ 22. Kf1 Ne3+ 23. fxe3 Qxg4 24. Nxg4 Bxh1 25. Kf2 Be4 26. Nd2 Bxc2 27. Rg1 Bg6 28. h4 Kh7 29. Ne5 a5 30. a4 bxa4 31. Ndxc4 Rfb8 32. Ke2 Rb3 33. Kd2 Rab8 34. Nxa5 Rb2+ 35. Ke1 Rb1+ 36. Kf2 R8b2+ 0-1

[Event "Scarborough CC-ch"]
[Site "Toronto CAN"]
[Date "2025.05.29"]
[Round "7.21"]
[White "Adulfo, Vincent Angel"]
[Black "Kola, Venkata Saket Reddy"]
[Result "1/2-1/2"]
[WhiteElo "1649"]
[BlackElo "1658"]
[WhiteFideId "-1"]
[WhiteFideId "-1"]
[PlyCount "26"]
[GameId "2224494666871495"]
[EventDate "2025.04.17"]
[EventType "swiss"]
[EventRounds "10"]
[EventCountry "CAN"]

1. d4 d5 2. Nf3 Nf6 3. e3 Bg4 4. Bd3 e6 5. b3 Bd6 6. Bb2 Nbd7 7. Nbd2 O-O 8. h3 Bf5 9. Ne5 Bxd3 10. cxd3 c5 11. Nxd7 Nxd7 12. Nf3 cxd4 13. Nxd4 Qa5+ 1/2-1/2

[Event "Scarborough CC-ch"]
[Site "Toronto CAN"]
[Date "2025.06.05"]
[Round "8.1"]
[White "Gao, Heye"]
[Black "Yang, Larry"]
[Result "1/2-1/2"]
[WhiteElo "2169"]
[BlackElo "2093"]
[WhiteFideId "-1"]
[WhiteFideId "-1"]
[PlyCount "118"]
[GameId "2226046759911095"]
[EventDate "2025.04.17"]
[EventType "swiss"]
[EventRounds "10"]
[EventCountry "CAN"]

1. e4 c5 2. Nf3 Nc6 3. d4 cxd4 4. Nxd4 g6 5. c4 Bg7 6. Be3 Qb6 7. Nb3 Qd8 8. Qd2 Nf6 9. f3 a5 10. Nc3 a4 11. Nc5 a3 12. b3 d6 13. Nd3 Qa5 14. Rb1 O-O 15. b4 Qd8 16. Be2 Be6 17. Nf4 Rc8 18. Nb5 Ne5 19. Nxe6 fxe6 20. Nxa3 d5 21. cxd5 exd5 22. Bd4 Nc6 23. Bxf6 Bxf6 24. exd5 Nxb4 25. Bc4 b5 26. Rxb4 bxc4 27. Nxc4 Rc5 28. O-O Rxd5 29. Qe2 Kh8 30. Kh1 Rh5 31. Qe4 g5 32. Ne3 Rh4 33. Qb1 Rxb4 34. Qxb4 Qd3 35. Qb3 Qe2 36. Rc1 Bd4 37. Nf1 g4 38. Ng3 Qe5 39. fxg4 Qf4 40. Rd1 Qxg4 41. Qd3 Be5 42. Rf1 Rb8 43. Rf7 Qg6 44. Qd5 Bf6 45. Nf1 Qb1 46. Kg1 Qb6+ 47. Kh1 Qf2 48. Qd3 Qh4 49. g4 Rg8 50. Ng3 Qh6 51. Qe4 Qc1+ 52. Kg2 Qd2+ 53. Ne2 Rxg4+ 54. Qxg4 Qd5+ 55. Kg1 Qxf7 56. a4 Qd5 57. Qf4 Kg7 58. Ng3 Kf7 59. Ne4 Qd4+ 1/2-1/2

[Event "Scarborough CC-ch"]
[Site "Toronto CAN"]
[Date "2025.06.05"]
[Round "8.2"]
[White "Varakunan, Cadiron"]
[Black "Kola, Venkat Karthikeya R"]
[Result "0-1"]
[WhiteElo "1975"]
[BlackElo "2228"]
[WhiteFideId "-1"]
[WhiteFideId "-1"]
[PlyCount "74"]
[GameId "2226046759931586"]
[EventDate "2025.04.17"]
[EventType "swiss"]
[EventRounds "10"]
[EventCountry "CAN"]

1. e4 c5 2. Nf3 d6 3. d4 cxd4 4. Nxd4 Nf6 5. Nc3 a6 6. Be2 e5 7. Nb3 Be7 8. Be3 Be6 9. Nd5 Bxd5 10. exd5 Nbd7 11. Qd2 Rc8 12. Na5 Qc7 13. c4 Ne4 14. Qb4 Bd8 15. Nb3 O-O 16. O-O f5 17. f3 Nec5 18. f4 Bf6 19. Nxc5 Nxc5 20. Bxc5 dxc5 21. Qd2 e4 22. Rab1 Rb8 23. a4 a5 24. Kh1 b6 25. g4 g6 26. g5 Bd4 27. Kg2 Rfe8 28. b3 e3 29. Qd3 Re4 30. Kg3 h6 31. h4 hxg5 32. hxg5 Kf7 33. Rf3 Rh8 34. Rbf1 Kf8 35. Kg2 Qh7 36. Rg3 Qh2+ 37. Kf3 Rh3 0-1

[Event "Scarborough CC-ch"]
[Site "Toronto CAN"]
[Date "2025.06.05"]
[Round "8.3"]
[White "Deepak, Laksshana"]
[Black "Wang, Nathan"]
[Result "0-1"]
[WhiteElo "2127"]
[BlackElo "2099"]
[WhiteFideId "-1"]
[WhiteFideId "-1"]
[PlyCount "100"]
[GameId "2226046759935684"]
[EventDate "2025.04.17"]
[EventType "swiss"]
[EventRounds "10"]
[EventCountry "CAN"]

1. d4 Nf6 2. Bf4 g6 3. Nf3 Bg7 4. c3 d6 5. Nbd2 Nh5 6. Bg5 h6 7. Bh4 g5 8. Bg3 Nxg3 9. hxg3 e5 10. dxe5 dxe5 11. e4 Nc6 12. Qc2 Bd7 13. Nc4 Qf6 14. O-O-O O-O-O 15. Ne3 Ne7 16. Bc4 Qg6 17. g4 h5 18. gxh5 Rxh5 19. Rxh5 Qxh5 20. Qb3 Rf8 21. Rxd7 Kxd7 22. Qxb7 Rc8 23. Nd5 Qh8 24. Ba6 g4 25. Nd2 Qd8 26. Qb5+ c6 27. Bxc8+ Qxc8 28. Qa4 Qb7 29. Nc4 Ke6 30. Nxe7 Kxe7 31. Na5 Bh6+ 32. Kc2 Qb6 33. Nxc6+ Kf6 34. Qc4 Qxf2+ 35. Kb3 Bc1 36. Qd5 Qxb2+ 37. Ka4 Qxc3 38. Qd6+ Kg5 39. Nxe5 Qc2+ 40. Kb5 Qb1+ 41. Kc6 Qxe4+ 42. Kd7 Qf5+ 43. Ke7 Bf4 44. Qa6 Qxe5+ 45. Kxf7 Qd5+ 46. Ke8 Qg8+ 47. Kd7 Qg7+ 48. Ke8 Qg6+ 49. Qxg6+ Kxg6 50. Kd7 Kf5 0-1

[Event "Scarborough CC-ch"]
[Site "Toronto CAN"]
[Date "2025.06.05"]
[Round "8.4"]
[White "Mutyalapati, Modith Aaroh"]
[Black "Pan, Julian"]
[Result "1-0"]
[WhiteElo "2232"]
[BlackElo "1870"]
[WhiteFideId "-1"]
[WhiteFideId "-1"]
[PlyCount "73"]
[GameId "2226046759935685"]
[EventDate "2025.04.17"]
[EventType "swiss"]
[EventRounds "10"]
[EventCountry "CAN"]

1. e4 e5 2. Nf3 Nc6 3. Bb5 a6 4. Bxc6 dxc6 5. Nc3 f6 6. d4 exd4 7. Qxd4 Qxd4 8. Nxd4 Bd7 9. Be3 O-O-O 10. O-O-O Ne7 11. f3 Ng6 12. Rd2 Ne5 13. b3 Ba3+ 14. Kb1 h5 15. Rhd1 g5 16. Nf5 Bxf5 17. exf5 Rxd2 18. Rxd2 Rd8 19. Ne4 Rxd2 20. Bxd2 Be7 21. f4 gxf4 22. Bxf4 Nf7 23. h4 Kd7 24. c4 c5 25. Kc2 c6 26. Kd3 b5 27. Ng3 Bd6 28. Nxh5 Bxf4 29. Nxf4 Ne5+ 30. Kc3 b4+ 31. Kd2 Ng4 32. Kd3 Nf2+ 33. Ke2 Ne4 34. Kf3 Nc3 35. Ne6 a5 36. h5 Ke7 37. h6 1-0

[Event "Scarborough CC-ch"]
[Site "Toronto CAN"]
[Date "2025.06.05"]
[Round "8.5"]
[White "Katz, Lyam"]
[Black "Southam, David"]
[Result "1/2-1/2"]
[WhiteElo "1826"]
[BlackElo "2037"]
[WhiteFideId "-1"]
[WhiteFideId "-1"]
[PlyCount "125"]
[GameId "2226046759935686"]
[EventDate "2025.04.17"]
[EventType "swiss"]
[EventRounds "10"]
[EventCountry "CAN"]

1. e4 e6 2. d4 d5 3. Nd2 c5 4. Ngf3 cxd4 5. Nxd4 Nc6 6. Bb5 Bd7 7. Nxc6 Bxc6 8. Bxc6+ bxc6 9. c4 Nf6 10. Qa4 Qd7 11. e5 Ng8 12. O-O Ne7 13. b3 Ng6 14. Nf3 Bc5 15. g3 Rd8 16. Bb2 O-O 17. Rac1 Be7 18. h4 c5 19. Qxd7 Rxd7 20. Nd2 Rc8 21. h5 Nf8 22. Kg2 f5 23. f4 Bd8 24. Rc2 Ba5 25. Nf3 d4 26. Rcc1 Rb8 27. Ne1 Bxe1 28. Rcxe1 a5 29. Ba3 Rc7 30. Rb1 Nd7 31. Rf3 Rcb7 32. Kh3 Rc8 33. Rd3 Nb6 34. Bc1 Nxc4 35. Bd2 a4 36. Rc1 axb3 37. axb3 Nxd2 38. Rxd2 Rb4 39. Rdc2 Rb5 40. b4 Rxb4 41. Rxc5 Rxc5 42. Rxc5 d3 43. Rc8+ Kf7 44. Rd8 Rb3 45. Rd6 Ke7 46. Kh4 h6 47. Kh3 Rc3 48. Kh4 Rc2 49. Kh3 Rd2 50. Rd4 Rd1 51. Kg2 Kf7 52. Rd7+ Ke8 53. Rd6 Ke7 54. Rd4 Rd2+ 55. Kh3 Kf7 56. Rd7+ Ke8 57. Rd6 Ke7 58. Rd4 Rd1 59. Kg2 d2 60. Rd6 Kf7 61. Rd7+ Ke8 62. Rd6 Ke7 63. Rd3 1/2-1/2

[Event "Scarborough CC-ch"]
[Site "Toronto CAN"]
[Date "2025.06.05"]
[Round "8.6"]
[White "Chen, Larry"]
[Black "Mendoza, Armand Jess"]
[Result "1-0"]
[WhiteElo "1958"]
[BlackElo "1854"]
[WhiteFideId "-1"]
[WhiteFideId "-1"]
[PlyCount "71"]
[GameId "2226046759935687"]
[EventDate "2025.04.17"]
[EventType "swiss"]
[EventRounds "10"]
[EventCountry "CAN"]

1. d4 e6 2. c4 f5 3. Nc3 Nf6 4. e3 d5 5. Bd3 c6 6. Nge2 Bd6 7. f3 O-O 8. O-O Nh5 9. e4 Qh4 10. e5 dxc4 11. Bxc4 Bxe5 12. Bxe6+ Bxe6 13. dxe5 g6 14. Qd6 Ng7 15. Nf4 Bc4 16. Rd1 Na6 17. Qd4 b5 18. g3 Qe7 19. Qd6 Qb7 20. b3 Qb6+ 21. Qd4 Qxd4+ 22. Rxd4 Bf7 23. Be3 g5 24. Nfe2 b4 25. Na4 f4 26. gxf4 Nf5 27. Rd3 Bg6 28. Nd4 Nh4 29. Rdd1 c5 30. Ne6 Rfe8 31. Nxg5 h6 32. Bf2 hxg5 33. Bxh4 gxh4 34. Rd6 Kh7 35. Rxa6 Rg8 36. Kg2 {...} 1-0

[Event "Scarborough CC-ch"]
[Site "Toronto CAN"]
[Date "2025.06.05"]
[Round "8.7"]
[White "Yang, Lucy"]
[Black "Bi, William"]
[Result "1-0"]
[WhiteElo "1674"]
[BlackElo "1892"]
[WhiteFideId "-1"]
[WhiteFideId "-1"]
[PlyCount "116"]
[GameId "2226046759935688"]
[EventDate "2025.04.17"]
[EventType "swiss"]
[EventRounds "10"]
[EventCountry "CAN"]

1. e4 e5 2. Nf3 Nc6 3. Bb5 a6 4. Ba4 Nf6 5. d3 b5 6. Bb3 Be7 7. O-O d6 8. c3 O-O 9. Re1 h6 10. Nbd2 Re8 11. h3 Bf8 12. Nf1 Ne7 13. Ng3 Ng6 14. Be3 c6 15. c4 d5 16. cxb5 cxb5 17. Rc1 Bb7 18. Bd2 Bd6 19. exd5 Nxd5 20. d4 exd4 21. Rxe8+ Qxe8 22. Nxd4 Bxg3 23. fxg3 Qe5 24. Be1 Ne3 25. Qd3 Nxg2 26. Bf2 Be4 27. Qe2 Re8 28. Nf3 Qf5 29. Kxg2 Ne5 30. Rc3 Nxf3 31. Rxf3 Bxf3+ 32. Qxf3 Qxf3+ 33. Kxf3 Rd8 34. Ke2 g5 35. a4 Rb8 36. a5 Rd8 37. Bc2 Kg7 38. b4 Kf6 39. Be4 Rd7 40. Bc5 Ke5 41. Bc6 Rc7 42. Bf3 f5 43. h4 g4 44. Bg2 h5 45. Ke3 Rd7 46. Bc6 Rc7 47. Be8 Rh7 48. Bd4+ Kd5 49. Bc5 Ke5 50. Bf8 Kf6 51. Bd6 Ke6 52. Bf4 Rh8 53. Bc6 Rc8 54. Bb7 Rc4 55. Bxa6 Rxb4 56. Kd3 Rb3+ 57. Kd4 Ra3 58. Bxb5 Rxa5 1-0

[Event "Scarborough CC-ch"]
[Site "Toronto CAN"]
[Date "2025.06.05"]
[Round "8.8"]
[White "Hong, Zihan"]
[Black "Nazareno, Merlin"]
[Result "1-0"]
[WhiteElo "1999"]
[BlackElo "1985"]
[WhiteFideId "-1"]
[WhiteFideId "-1"]
[PlyCount "81"]
[GameId "2226046759939785"]
[EventDate "2025.04.17"]
[EventType "swiss"]
[EventRounds "10"]
[EventCountry "CAN"]

1. d4 Nf6 2. Bf4 c6 3. c3 d6 4. Nd2 Bf5 5. Qb3 Qc7 6. Ngf3 Nbd7 7. e3 e5 8. dxe5 dxe5 9. Bg3 Nc5 10. Qd1 Nfd7 11. Nc4 f6 12. b4 Ne4 13. Qb3 O-O-O 14. Be2 g5 15. Nfd2 h5 16. Nxe4 Bxe4 17. f3 Bd5 18. e4 Bg8 19. Qa3 b5 20. Na5 Nb6 21. O-O Be6 22. Rac1 Rd2 23. Rfe1 Be7 24. Nb3 Rd7 25. Bf2 Rhd8 26. Na5 Rd2 27. c4 bxc4 28. Nxc4 Bxc4 29. Bxc4 Nxc4 30. Rxc4 R8d3 31. Qa6+ Kd7 32. Bxa7 Rb2 33. Rxc6 Rxg2+ 34. Kf1 Qxc6 35. Qxd3+ Ke8 36. Kxg2 Bxb4 37. Rd1 Be7 38. Qd5 Qa6 39. Qg8+ Bf8 40. Qg6+ Ke7 41. Bc5+ 1-0

[Event "Scarborough CC-ch"]
[Site "Toronto CAN"]
[Date "2025.06.05"]
[Round "8.9"]
[White "Chung, Noah"]
[Black "Ma, Quentin"]
[Result "1-0"]
[WhiteElo "1870"]
[BlackElo "1654"]
[WhiteFideId "-1"]
[WhiteFideId "-1"]
[PlyCount "41"]
[GameId "2226046759939786"]
[EventDate "2025.04.17"]
[EventType "swiss"]
[EventRounds "10"]
[EventCountry "CAN"]

1. e4 e5 2. Nf3 Nc6 3. Bc4 Bc5 4. c3 Nf6 5. d3 h6 6. h3 O-O 7. O-O d5 8. exd5 Nxd5 9. Re1 Nb6 10. Bb3 Qf6 11. Bc2 Bf5 12. Nbd2 Rad8 13. Ne4 Bxe4 14. Rxe4 Rfe8 15. Qe1 Bd6 16. Bf4 Re7 17. Bg3 Rde8 18. Bh4 g5 19. Rg4 Qg6 20. Bxg5 f5 21. Nh4 1-0

[Event "Scarborough CC-ch"]
[Site "Toronto CAN"]
[Date "2025.06.05"]
[Round "8.10"]
[White "Gaffney, Kevin"]
[Black "Ha, Alexander"]
[Result "0-1"]
[WhiteElo "1625"]
[BlackElo "1684"]
[WhiteFideId "-1"]
[WhiteFideId "-1"]
[PlyCount "120"]
[GameId "2226046759915192"]
[EventDate "2025.04.17"]
[EventType "swiss"]
[EventRounds "10"]
[EventCountry "CAN"]

1. d4 Nf6 2. Bf4 d5 3. e3 Bf5 4. c4 c6 5. Nc3 e6 6. Qb3 Qb6 7. c5 Qxb3 8. axb3 Be7 9. b4 Nbd7 10. b5 e5 11. dxe5 Ne4 12. Nxe4 dxe4 13. b4 f6 14. Bc4 h5 15. h3 cxb5 16. Bxb5 Be6 17. exf6 Bxf6 18. O-O-O a5 19. c6 bxc6 20. Bxc6 Rc8 21. b5 Kf7 22. Kb1 Nc5 23. Ne2 Nd3 24. Rhf1 a4 25. Bxe4 a3 26. Nd4 Bxd4 27. exd4 Nxf4 28. d5 Bd7 29. b6 Ne2 30. Rde1 Nc3+ 31. Ka1 Nxe4 32. Rxe4 Rb8 33. Rb1 Bf5 34. Rf4 Kg6 35. Rb3 Rhd8 36. Rd4 Rd6 37. b7 Rd7 38. Rb6+ Kh7 39. Ka2 Rdxb7 40. Rxb7 Rxb7 41. Kxa3 g6 42. d6 Kg7 43. f3 Kf6 44. f4 Bd7 45. Rc4 Be6 46. Rd4 Rb3+ 47. Ka4 Rb7 48. Rd2 Bd7+ 49. Ka5 Ke6 50. Ka6 Rb4 51. g3 Rb1 52. h4 Rb3 53. Rg2 Kxd6 54. Ka5 Bf5 55. Ka4 Rb8 56. Ka5 Kd5 57. Re2 Kc5 58. Ka4 Kc4 59. Ka3 Rb3+ 60. Ka2 Rxg3 0-1

[Event "Scarborough CC-ch"]
[Site "Toronto CAN"]
[Date "2025.06.05"]
[Round "8.11"]
[White "Dixon, Javier"]
[Black "Chamberland, Luc"]
[Result "0-1"]
[WhiteElo "1640"]
[BlackElo "1676"]
[WhiteFideId "-1"]
[WhiteFideId "-1"]
[PlyCount "58"]
[GameId "2226046759915193"]
[EventDate "2025.04.17"]
[EventType "swiss"]
[EventRounds "10"]
[EventCountry "CAN"]

1. d4 Nf6 2. Nf3 g6 3. Nc3 d5 4. Bf4 Nh5 5. Be5 f6 6. Bg3 Nxg3 7. hxg3 Be6 8. e4 dxe4 9. Nxe4 Nd7 10. Bd3 Bf7 11. c4 c6 12. a3 Bg7 13. Rc1 O-O 14. g4 Qc7 15. g5 f5 16. Ng3 e5 17. dxe5 Nxe5 18. Rc2 Nxd3+ 19. Qxd3 Rad8 20. Qb3 b5 21. Nd2 Rfe8+ 22. Ne2 bxc4 23. Nxc4 Qf4 24. Qg3 Qxg3 25. fxg3 Rd3 26. Kf2 Bd5 27. Nf4 Bd4+ 28. Ne3 Rdxe3 29. Rhc1 Rf3# 0-1

[Event "Scarborough CC-ch"]
[Site "Toronto CAN"]
[Date "2025.06.05"]
[Round "8.12"]
[White "Gummadi, Bhargav Ram"]
[Black "Satish Alwar, Dharsan"]
[Result "1/2-1/2"]
[WhiteElo "1752"]
[BlackElo "1724"]
[WhiteFideId "-1"]
[WhiteFideId "-1"]
[PlyCount "33"]
[GameId "2226046759915194"]
[EventDate "2025.04.17"]
[EventType "swiss"]
[EventRounds "10"]
[EventCountry "CAN"]

1. e4 e6 2. d4 d5 3. exd5 exd5 4. Nf3 Nf6 5. Be2 Be7 6. O-O O-O 7. Nbd2 c6 8. Re1 Nbd7 9. Nf1 Ne4 10. Bd3 Ndf6 11. N1d2 Nxd2 12. Bxd2 Bg4 13. h3 Bh5 14. Be2 Bxf3 15. Bxf3 Bd6 16. Bg5 h6 17. Bxf6 1/2-1/2

[Event "Scarborough CC-ch"]
[Site "Toronto CAN"]
[Date "2025.06.05"]
[Round "8.13"]
[White "Jeyakumar, Yathushan"]
[Black "Guan, Isabelle"]
[Result "1-0"]
[WhiteElo "1762"]
[BlackElo "1618"]
[WhiteFideId "-1"]
[WhiteFideId "-1"]
[PlyCount "65"]
[GameId "2226046759919291"]
[EventDate "2025.04.17"]
[EventType "swiss"]
[EventRounds "10"]
[EventCountry "CAN"]

1. e4 e5 2. Nf3 Nc6 3. Bb5 Bc5 4. O-O Nge7 5. c3 Bb6 6. d4 exd4 7. cxd4 a6 8. Ba4 O-O 9. d5 Nb8 10. Nc3 d6 11. h3 Ng6 12. Be3 Ba7 13. Bxa7 Rxa7 14. Qd4 Ra8 15. Ne2 Nd7 16. Rac1 Re8 17. Ng3 b5 18. Bb3 Nde5 19. Nxe5 Nxe5 20. f4 Ng6 21. f5 Ne5 22. f6 Bd7 23. Nh5 Bc8 24. Nxg7 Rf8 25. Qd2 Nd7 26. Qh6 Kh8 27. Ne6 Rg8 28. Nxd8 Ne5 29. Rxc7 Bxh3 30. Nxf7+ Nxf7 31. Rxf7 Rxg2+ 32. Kh1 Bf5 33. exf5 1-0

[Event "Scarborough CC-ch"]
[Site "Toronto CAN"]
[Date "2025.06.05"]
[Round "8.14"]
[White "Sekaran, Adithya"]
[Black "Gao, Yiguo"]
[Result "1-0"]
[WhiteElo "1684"]
[BlackElo "1613"]
[WhiteFideId "-1"]
[WhiteFideId "-1"]
[PlyCount "57"]
[GameId "2226046759923388"]
[EventDate "2025.04.17"]
[EventType "swiss"]
[EventRounds "10"]
[EventCountry "CAN"]

1. d4 Nf6 2. c4 e5 3. dxe5 Ng4 4. e6 fxe6 5. e4 Nf6 6. e5 Ne4 7. Bd3 Ng5 8. Qh5+ Nf7 9. Nf3 Be7 10. h4 h6 11. Rh3 Nc6 12. Rg3 Kf8 13. Bg6 Qe8 14. Rg4 Ncd8 15. Nc3 b6 16. Bd2 Bb7 17. Nb5 Rc8 18. Nxa7 Ra8 19. Nb5 Rc8 20. Rf4 Kg8 21. O-O-O Qf8 22. Bc3 Qe8 23. Nh2 Ba8 24. Ng4 Bb7 25. Bxf7+ Nxf7 26. Qg6 Rh7 27. Rd3 Qf8 28. Rxd7 Bxh4 29. Rfxf7 1-0

[Event "Scarborough CC-ch"]
[Site "Toronto CAN"]
[Date "2025.06.05"]
[Round "8.15"]
[White "Chen, Timmy"]
[Black "Ugodnikov, Arkadiy"]
[Result "1-0"]
[WhiteElo "1755"]
[BlackElo "1753"]
[WhiteFideId "-1"]
[WhiteFideId "-1"]
[PlyCount "91"]
[GameId "2226046759923389"]
[EventDate "2025.04.17"]
[EventType "swiss"]
[EventRounds "10"]
[EventCountry "CAN"]

1. e4 e5 2. Nf3 Nc6 3. Bb5 f5 4. d3 fxe4 5. dxe4 Nf6 6. O-O Bc5 7. Nc3 d6 8. Bg5 O-O 9. Bc4+ Kh8 10. Nd5 Bg4 11. Nxf6 gxf6 12. Bh6 Re8 13. Ng5 fxg5 14. Qxg4 Qf6 15. Bxg5 Qg6 16. Qh4 Rf8 17. Rad1 Na5 18. Be2 Nc6 19. c3 Nd8 20. Bh5 Qg7 21. Bg4 Rf4 22. Bxf4 exf4 23. Rd5 Nf7 24. g3 Ne5 25. Bd1 fxg3 26. hxg3 Rf8 27. Kg2 Ng6 28. Qg4 Qe7 29. f3 Rg8 30. Rh1 Ne5 31. Qh4 Qg7 32. Qh3 Ng6 33. Rf5 Re8 34. Bc2 Be3 35. Kf1 Re5 36. Ke2 Bb6 37. f4 Re7 38. Kf3 Rf7 39. Bb3 Re7 40. Rg5 c6 41. Qh6 Qxh6 42. Rxh6 Rg7 43. Rf5 Re7 44. Rfh5 d5 45. e5 Bc5 46. Rxg6 1-0

[Event "Scarborough CC-ch"]
[Site "Toronto CAN"]
[Date "2025.06.05"]
[Round "8.16"]
[White "Mesiti, Silvano"]
[Black "Wang, Alan"]
[Result "1-0"]
[WhiteElo "1563"]
[BlackElo "1622"]
[WhiteFideId "-1"]
[WhiteFideId "-1"]
[PlyCount "85"]
[GameId "2226046759927486"]
[EventDate "2025.04.17"]
[EventType "swiss"]
[EventRounds "10"]
[EventCountry "CAN"]

1. e4 c6 2. Nc3 d5 3. exd5 cxd5 4. d4 Nc6 5. Nf3 Bg4 6. Be2 Nf6 7. O-O e6 8. Be3 Bd6 9. Nb5 Ne4 10. Nxd6+ Qxd6 11. Nd2 Nxd2 12. Qxd2 Bxe2 13. Qxe2 Qb4 14. c3 Qb6 15. Rac1 O-O 16. f4 Ne7 17. g4 h6 18. g5 hxg5 19. fxg5 Nf5 20. Bf4 Rfc8 21. Rf3 a5 22. Rh3 a4 23. Rc2 Qa6 24. Qxa6 Rxa6 25. Be5 a3 26. b4 Rb6 27. Rf2 Rbc6 28. Rff3 b5 29. Bf4 Nd6 30. Bxd6 Rxd6 31. Kf2 Rdc6 32. Ke2 Kf8 33. Kd2 Ke7 34. Rh7 Kf8 35. h4 R6c7 36. g6 f6 37. h5 Kg8 38. Rh3 e5 39. dxe5 fxe5 40. h6 gxh6 41. Rxc7 Rxc7 42. Rxh6 Kg7 43. Rh7+ 1-0

[Event "Scarborough CC-ch"]
[Site "Toronto CAN"]
[Date "2025.06.05"]
[Round "8.17"]
[White "Lim, Carl"]
[Black "Gebhardt, David"]
[Result "0-1"]
[WhiteElo "1611"]
[BlackElo "1606"]
[WhiteFideId "-1"]
[WhiteFideId "-1"]
[PlyCount "122"]
[GameId "2226046759927487"]
[EventDate "2025.04.17"]
[EventType "swiss"]
[EventRounds "10"]
[EventCountry "CAN"]

1. d4 c6 2. c4 d5 3. cxd5 cxd5 4. Bg5 Nf6 5. Bxf6 exf6 6. Nc3 Nc6 7. e3 a6 8. Bd3 Be7 9. Rc1 O-O 10. Nge2 Bg4 11. a3 Na5 12. Qc2 h6 13. Nf4 Be6 14. Bh7+ Kh8 15. Bf5 Bxf5 16. Qxf5 Nc4 17. Rc2 Nxb2 18. Rxb2 Bxa3 19. Rc2 Rc8 20. O-O b5 21. Ncxd5 Rxc2 22. Qxc2 b4 23. Qb3 a5 24. Nd3 Qd6 25. Nc5 Ra8 26. Na4 Ra6 27. e4 Rc6 28. Nc5 Qd8 29. Rd1 Qb8 30. Ne3 Qa7 31. Qa4 Rc8 32. Nc4 Ra8 33. Nxa3 bxa3 34. Qxa3 Rb8 35. h3 Rc8 36. Ra1 Ra8 37. Nb3 a4 38. Nc5 Qb6 39. Kf1 Qd6 40. Rd1 Ra5 41. Rd3 Qc6 42. f3 Rb5 43. Nxa4 Rb1+ 44. Kf2 Qc2+ 45. Kg3 Rg1 46. Qb2 Qxd3 47. Nc5 Qf1 48. Qd2 Rh1 49. d5 Qg1 50. Nb7 Qh2+ 51. Kf2 Qg1+ 52. Kg3 Qh2+ 53. Kf2 Rg1 54. Ke3 Rxg2 55. Qd1 g5 56. d6 Qf4+ 57. Kd3 Rf2 58. d7 Rxf3+ 59. Kc4 Qxe4+ 60. Qd4 Qc2+ 61. Kb5 Rb3+ 0-1